Counter-Strike - Every Astralis Player in history - Statistics

General Stats
  • This quiz has been taken 7 times
  • The average score is 17 of 27
Answer Stats
joined in Map played Total rating Highest rank Country Player % Correct
2024 114 0.84 9 cadiaN
100%
2016 1583 1.21 1 device
100%
2016 1177 1.13 1 dupreeh
100%
2016 1258 1.06 1 gla1ve
100%
2016 353 1.11 1 Kjaerbye
100%
2018 796 1.13 1 Magisk
100%
2023 285 1.06 7 stavn
100%
2016 1369 1.11 1 Xyp9x
100%
2021 411 1.23 3 blameF
75%
2025 still going 0.89 10 HooXi
75%
2023 still going 1.06 7 jabbi
75%
2021 175 1.07 3 k0nfig
75%
2026 still going 1.12 10 phzy
75%
2026 still going 1.03 10 ryu
75%
2023 still going 1.07 5 Staehr
75%
2020 86 0.99 3 Bubzkji
50%
2020 53 1.10 1 es3tag
50%
2016 185 0.98 2 karrigan
50%
2021 103 0.95 4 Lucky
50%
2023 41 0.98 15 Altekz
25%
2023 59 0.91 5 b0RUP
25%
2024 75 1.00 7 br0
25%
2022 159 1.02 5 Buzz
25%
2020 15 0.87 1 JUGi
25%
2016 90 1.10 2 cajunb
0%
2022 131 0.99 3 Farlig
0%
2022 37 0.92 4 MistR
0%
No matching quizzes found
Score Distribution
Percent of People with Each Score
Percentile by Number Answered
Your Score History
You have not taken this quiz